00780nam a2200277Ia 4500008004100000020001500041050001000056050001400066100001700080245005700097245004600154260001800200260001100218260000900229300001600238300002000254300001000274500002300284650004000307650002800347650003500375650001700410650004500427650001100472999001900483170712s9999 xx 000 0 und d a9712705684 a70.19 bK368 1996 aKenny, James aMaking documents & new features in the Philippines / cby James Kenny and Isabel Enriquez Kenny. aPhilippines : bAnvil, c1996 a186 pages : billustrations ; c25cm. aIncludes glossary. aDocumentary television programs --  aKenny, Isabel Enriquez. aTelevision feature stories --  xPhilippines. xProduction and direction -- Philippines. xTitle. c340442d340442